000 00287nam a2200121 a 4500
005 20140414093834.0
008 030611s19uu xx 00 eng d
050 _aCDR 581
_bBOT 1996
245 _aBiological sciences :
_bBotany.
650 _aBotany.
942 _cAVM
999 _c108943
_d108943